Sports Quiz

Random Sports or Soccer Quiz

Country by Soccer player/footballer Quiz Stats

Quiz not verified by Sporcle

Challenge
Share
Tweet
Embed
Score 0/184 Timer 15:00
1 Play Today
Player Country % Correct
Lionel MessiArgentina
78.6%
KakáBrazil
78.4%
Cristiano RonaldoPortugal
77.6%
Steven GerrardUnited Kingdom
77.5%
Fernando TorresSpain
76.9%
Didier DrogbaCote d'Ivoire
76.3%
Park Ji-SungSouth Korea
76.3%
Zlatan IbrahimovicSweden
76%
Bastian SchweinsteigerGermany
76%
Wesley SneijderNetherlands
75.2%
Andrea PirloItaly
74.9%
Samuel Eto'oCameroon
74.9%
Petr ČechCzech Republic
74.4%
Diego ForlánUruguay
74%
Tim CahillAustralia
73.9%
Karim BenzemaFrance
73.5%
Robbie KeaneIreland
72.9%
Andrei ArshavinRussia
71.9%
Nemanja VidićSerbia
71.6%
Dimitar BerbatovBulgaria
71.2%
Luka ModricCroatia
70.8%
Michael EssienGhana
70%
Emmanuel AdebayorTogo
67.7%
Daniel AggerDenmark
67.1%
Yossi BenayounIsrael
66.9%
Mikel John ObiNigeria
65.9%
Roque Santa CruzParaguay
65.8%
Shunsuke NakamuraJapan
65.2%
Sotirios KyrgiakosGreece
64.5%
Marouane FellainiBelgium
64.2%
Sami HyypiaFinland
62.2%
Martin SkrtelSlovakia
61.4%
Philippe SenderosSwitzerland
61.2%
Zheng ZhiChina
61.1%
John CarewNorway
60.5%
Antonio ValenciaEcuador
60%
Halil AltıntopTurkey
59.3%
Jakub BłaszczykowskiPoland
57.7%
El Hadji DioufSenegal
57.6%
Benni McCarthySouth Africa
57%
Cristian ChivuRomania
57%
Wilson PalaciosHonduras
57%
Carlos BocanegraUnited States of America
56.4%
Aliaksandr HlebBelarus
55.8%
Edin DžekoBosnia and Herzegovina
55.6%
Ryan NelsenNew Zealand
54.6%
Kenwyne JonesTrinidad and Tobago
49.5%
Zoltán GeraHungary
49.4%
Mirko VučinićMontenegro
49.4%
Frédéric KanoutéMali
48.8%
Goran PandevMacedonia
47.5%
Kakha KaladzeGeorgia
45.5%
Dmytro ChygrynskiyUkraine
44.2%
Jong Tae-SeNorth Korea
44%
Andrés GuardadoMexico
43%
Grétar SteinssonIceland
42.5%
Paul ScharnerAustria
42.3%
Nadir BelhadjAlgeria
42%
Robert KorenSlovenia
41.7%
Hugo RodallegaColombia
40.8%
Lorik CanaAlbania
36.9%
ManuchoAngola
36%
Player Country % Correct
Ali Al-HabsiOman
33.1%
Matías FernándezChile
32.3%
Paul StalteriCanada
31.5%
Juan ArangoVenezuela
27%
Le Cong VinhVietnam
24.3%
Jason RobertsGrenada
24.2%
Yasser Al-QahtaniSaudi Arabia
23.8%
Daniel CousinGabon
22.4%
McDonald MarigaKenya
21.5%
Andrejs RubinsLatvia
20.2%
Javad NekounamIran
18.8%
Christopher SambaRepublic of the Congo
18.7%
Ragnar KlavanEstonia
14.7%
Andy SelvaSan Marino
12.9%
Chen Po-liangTaiwan
12.7%
Artavazd KaramyanArmenia
12.1%
Deividas SemberasLithuania
11.8%
Hérita IlungaDemocratic Republic of the Congo
11.2%
Alexandru EpureanuMoldova
10.6%
Walter CentenoCosta Rica
10.3%
Chaouki Ben SaadaTunisia
10.3%
Subrata PalIndia
9.1%
Kamil ZayatteGuinea
8.3%
Hosny Abd RaboEgypt
8.1%
Christopher KatongoZambia
8%
Sergei OstapenkoKazakhstan
7.9%
Roberto PalaciosPeru
7.7%
Sutee SuksomkitThailand
7.2%
Demar PhillipsJamaica
6.6%
Rashad SadygovAzerbaijan
6.2%
Panushanth KulenthiranSri Lanka
6.1%
Ildefons LimaAndorra
6.1%
Felipe BaloyPanama
6%
Soe Myat MinMyanmar
5.8%
Rodolfo BodipoEquatorial Guinea
5.8%
Aziz IbrahimovUzbekistan
5.7%
Martin StocklasaLiechtenstein
5.7%
Ouwo Moussa MaazouNiger
5.5%
Collin BenjaminNamibia
5.4%
Razak OmotoyossiBenin
5.4%
Nabil BahaMorocco
5.3%
Tico-TicoMozambique
4.8%
Yousef AbdulrahmanUnited Arab Emirates
4.6%
Desmond Fa'aisuasoSamoa
4.5%
Bassim AbbasIraq
4.2%
Bambang PamungkasIndonesia
4.2%
Roda AntarLebanon
4.2%
Moumouni DaganoBurkina Faso
4.2%
Xhevdet LlumnicaKosovo
4%
Faneva Ima AndriatsimaMadagascar
3.9%
Adnan AhmedPakistan
3.9%
Hassouneh Al-SheikhJordan
3.8%
Ramón SánchezEl Salvador
3.7%
Ronald GarcíaBolivia
3.5%
Mamadi BaldéGuinea-Bissau
3.4%
Osea VakatalesauFiji
3.4%
Diphetogo SelolwaneBotswana
3.3%
Guillermo RamírezGuatemala
3.2%
Ali AfifQatar
3.2%
Gilbert AgiusMalta
3.1%
Ibrahim SekagyaUganda
2.9%
LitoCape Verde
2.9%
Player Country % Correct
Gilbert MushangazhikeZimbabwe
2.8%
Davron AskarovKyrgyzstan
2.7%
Chrysis MichaelCyprus
2.6%
Firas Al KhatibSyria
2.5%
Russel MwafulirwaMalawi
2.5%
Liban AbdiSomalia
2.3%
Manuchehr JalilovTajikistan
2.1%
Ebou SillahThe Gambia
2.1%
Roberto LinaresCuba
2.1%
Lehlohonolo Simon SeemaLesotho
2%
Matthew HartmannPhilippines
1.9%
Happy HallBahamas
1.9%
Richard PacquetteDominica
1.8%
Julius Gibrilla WoobaySierra Leone
1.8%
Salim SaeedYemen
1.7%
Mekan NasyrowTurkmenistan
1.7%
Mohamed ZubyaLibya
1.6%
Norman FordeBarbados
1.6%
Commins MenapiSolomon Islands
1.6%
Mohamed SalmeenBahrain
1.6%
Garidmagnai BayasgalanMongolia
1.5%
Haitham MustafaSudan
1.5%
Ju Manu RaiNepal
1.5%
Hamad NdikumanaRwanda
1.5%
Kassim AbdallahComoros
1.5%
Sione TovoTonga
1.4%
Valery NahayoBurundi
1.4%
Fikru-Teferra LemessaEthiopia
1.3%
Mardi Anak BujangBrunei
1.3%
Foxi KethevoamaCentral African Republic
1.3%
Bashir Ahmad SaadatAfghanistan
1.2%
Rodney UbbergenSuriname
1.2%
Norhafiz Zamani MisbahMalaysia
1.2%
Kita SysavanhLaos
1.1%
Ahmad AjabKuwait
1.1%
Teab VathanakCambodia
1.1%
Indra Sahdan DaudSingapore
1.1%
Dennis FakudzeSwaziland
1.1%
Jonathan Faña FriasDominican Republic
1%
Azrack MahamatChad
1%
Sheldon EmmanuelSt Lucia
1%
Wesley JohnSt Vincent and the Grenadines
1%
Elroy SmithBelize
0.9%
Oliver MakorLiberia
0.9%
Abel AferworkiEritrea
0.8%
Alfredo EstevesTimor-Leste
0.8%
Nadir HaroubTanzania
0.8%
Etienne MermerVanuatu
0.8%
Abel ThermeusHaiti
0.7%
Mohamed Jahid Hasan EmilyBangladesh
0.7%
Reginald DavaniPapua New Guinea
0.7%
Samuel WilsonNicaragua
0.7%
Denis BarbeSeychelles
0.7%
Shashi IsaacSt Kitts and Nevis
0.6%
Konata ManningsGuyana
0.6%
Ahmed TeguediMauritania
0.6%
Stephan L'EnfleMauritius
0.6%
Mohamed LibanDjibouti
0.5%
Ju Manu RaiLuxembourg
0.4%
Yohan GarinoMonaco
0.4%

You're not logged in!

Compare scores with friends on all Sporcle quizzes.
Sign Up with Email
OR
Log In

You Might Also Like...

Show Comments

Extras

Top Quizzes Today


Score Distribution

Your Account Isn't Verified!

In order to create a playlist on Sporcle, you need to verify the email address you used during registration. Go to your Sporcle Settings to finish the process.